Central Library and Information Centre
Sibsagar Girls' College, Sivasagar : Assam

AN OUTLINE OF ENGLISH LITERATURE (Record no. 5896)

MARC details
000 -LEADER
fixed length control field 00471cam a2200181ua 4500
008 - FIXED-LENGTH DATA ELEMENTS--GENERAL INFORMATION
fixed length control field 160723n1994 II |||gr||||Z||||||eng
040 ## - CATALOGING SOURCE
Original cataloging agency MAIN
041 ## - LANGUAGE CODE
-- English
082 ## - DEWEY DECIMAL CLASSIFICATION NUMBER
Classification number 820 THO
100 ## - MAIN ENTRY--PERSONAL NAME
Personal name THORNLEY, G. C.,
Relator term AUTHOR.,
245 ## - TITLE STATEMENT
Title AN OUTLINE OF ENGLISH LITERATURE
260 ## - PUBLICATION, DISTRIBUTION, ETC.
Place of publication, distribution, etc. HYDERABAD
Name of publisher, distributor, etc. ORIENT LONGMAN
Date of publication, distribution, etc. 1994
300 ## - PHYSICAL DESCRIPTION
Extent 197:
Dimensions 20CM.
700 ## - ADDED ENTRY--PERSONAL NAME
Personal name ROBERTS, GWYNETH,
Relator term AUTHOR.,
942 ## - ADDED ENTRY ELEMENTS (KOHA)
Koha item type Books
653 ## - INDEX TERM--UNCONTROLLED
Uncontrolled term English.& Old English literatures
Holdings
Withdrawn status Lost status Damaged status Not for loan Collection code Home library Current library Shelving location Date acquired Full call number Barcode Date last seen Copy number Price effective from Koha item type Public note
        TBENG Central Library and Information Centre Sibsagar Girls College Central Library and Information Centre Sibsagar Girls College English Rack 05.02.1997 820 THO 14041 27.02.2020 1 27.02.2020 Books  
        TBENG Central Library and Information Centre Sibsagar Girls College Central Library and Information Centre Sibsagar Girls College ENGLISH BOOK RACK 05.02.1997 820 THO 14042 27.02.2020 2 27.02.2020 Books V
        TBENG Central Library and Information Centre Sibsagar Girls College Central Library and Information Centre Sibsagar Girls College ENGLISH BOOK RACK 05.02.1997 820 THO 14043 27.02.2020 3 27.02.2020 Books V


Sibsagar Girl's College © 2020. All rights reserved.
Powered by Koha.
Maintained by Abhijit Borpuzari.